On This Day: July 20th II Quiz Stats

 Plays Quiz Updated Oct 1, 2018

Score 0/7 Timer 03:00
0 Plays Today
Question Answer Wrong Answers
This Detroit automaker ships its first car, five years before introducing the iconic Model T.
1903
Ford
95.4%
Chevrolet
0.9%
Chrysler
1.7%
Pontiac
1%
German officer Claus von Stauffenberg and other conspirators fail in their attempt to assassinate Adolf Hitler in a plot often called this.
1944
Operation Valkyrie
84.8%
Gunpowder Plot
3.1%
Operation Overlord
5%
Operation Barbarossa
6.2%
This country legalizes same-sex marriage, becoming the first non-European country and fourth country overall to do so.
2005
Canada
80.2%
United States
11.3%
China
0.8%
Peru
6.1%
Having already broken Babe Ruth’s career home run mark, this player hits his final home run, number 755 of his career.
1976
Hank Aaron
78.8%
Willie Mays
9.5%
Chipper Jones
2.6%
Reggie Jackson
7.7%
This founder of modern genetics, who coined the terms ‘recessive’ and ‘dominant’ in reference to traits, is born in the Austrian Empire.
1822
Gregor Mendel
71.7%
Dmitri Mendeleev
13.8%
Carl Friedrich Gauss
8.6%
Jonas Salk
5.3%
This Sioux chief surrenders to US federal troops, eventually settling on Standing Rock Reservation. He would later travel with Buffalo Bill Cody’s Wild West show for a season and inspire the Ghost Dance movement.
1881
Sitting Bull
64.8%
Crazy Horse
31.2%
Tecumseh
2.8%
Metacom
0.5%
This writer, dissident, and statesman, instrumental in the Velvet Revolution in Czechoslovakia, resigns as president of that country after Slovakia declared independence.
1992
Václav Havel
52.9%
Lech Wałęsa
23.7%
Slavoj Žižek
14.2%
Gerhard Schröder
7.6%

You're not logged in!

Compare scores with friends on all Sporcle quizzes.
OR
Log In

Sporcle TV

Today on Sporcle TV


Watch our educational content, quiz creation guides, and fun videos on Sporcle TV.

Show Comments

Extras

Top Quizzes Today


Score Distribution

Your Account Isn't Verified!

In order to create a playlist on Sporcle, you need to verify the email address you used during registration. Go to your Sporcle Settings to finish the process.

Report this User

Report this user for behavior that violates our Community Guidelines.

Details: